<?xml version="1.0" encoding="UTF-8"?>
<record
    xmlns:xsi="http://www.w3.org/2001/XMLSchema-instance"
    xsi:schemaLocation="http://www.loc.gov/MARC21/slim http://www.loc.gov/standards/marcxml/schema/MARC21slim.xsd"
    xmlns="http://www.loc.gov/MARC21/slim">

  <leader>04542nab a2200349 i 4500</leader>
  <controlfield tag="003">BR-BrBNA</controlfield>
  <controlfield tag="005">20240809181918.0</controlfield>
  <controlfield tag="008">240809b2017    bl.qr|pooa||| 00| 0 eng |</controlfield>
  <datafield tag="040" ind1=" " ind2=" ">
    <subfield code="a">BR-BrBNA</subfield>
    <subfield code="b">eng</subfield>
  </datafield>
  <datafield tag="072" ind1=" " ind2=" ">
    <subfield code="a">U10</subfield>
  </datafield>
  <datafield tag="072" ind1=" " ind2=" ">
    <subfield code="a">F30</subfield>
  </datafield>
  <datafield tag="072" ind1=" " ind2=" ">
    <subfield code="a">F50</subfield>
  </datafield>
  <datafield tag="100" ind1=" " ind2=" ">
    <subfield code="a">Carvalho, F.J.</subfield>
  </datafield>
  <datafield tag="100" ind1=" " ind2=" ">
    <subfield code="a">Maciel, G.M.</subfield>
  </datafield>
  <datafield tag="100" ind1=" " ind2=" ">
    <subfield code="a">De Oliveira, C.S.</subfield>
  </datafield>
  <datafield tag="100" ind1=" " ind2=" ">
    <subfield code="a">Nogueira, A.P.O.</subfield>
  </datafield>
  <datafield tag="100" ind1=" " ind2=" ">
    <subfield code="a">Glasenapp, J.A.</subfield>
  </datafield>
  <datafield tag="100" ind1=" " ind2=" ">
    <subfield code="a">Siquieroli, A.C.S.</subfield>
  </datafield>
  <datafield tag="245" ind1=" " ind2=" ">
    <subfield code="a">Comparison of clustering methods to study genetic divergence in pepper accesses at vegetative stage</subfield>
  </datafield>
  <datafield tag="500" ind1=" " ind2=" ">
    <subfield code="a">Publica&#xE7;&#xE3;o on-line; 42 ref.; 3 tables; 2 illus.; Summaries (En, Pt)</subfield>
  </datafield>
  <datafield tag="520" ind1=" " ind2=" ">
    <subfield code="a">

ABSTRACT:

 his study aimed evaluating the genetic divergence of vegetative stage in pepper
access by means of multivariate analysis and testing the efficiency of different methods. In
order to reach this goal 65 accessions from the Germplasm Bank of Capsicum spp of the
Federal University of Uberl&#xE2;ndia-Brazil were evaluated concerning the following qualitative
characteristics: presence of nodal anthocyanin, shape of the stem, presence of trichomes on
the plant, branching habit, coloring of the leaves, leaf shape, pubescence of the leaves and leaf
margin. The quantitative characteristics such as length and width of leaves were also evaluated.
Qualitative characters were grouped as multi-categorical variables and the dissimilarity matrix
was calculated based on the Cole-Rogers distance. As for quantitative traits, the dissimilarity
matrix was measured by Euclidean distance average. Matrices were added in order to apply the
clustering methods approach. Three clustering techniques were applied: Tocher optimization
method, UPGMA and principal component analysis. Average and mode of the groups generated
were also calculated. Validation of Tocher and UPGMA clusters was determined by cophenetic
correlation coefficient. There was divergence among the accessions evaluated. UPGMA methods,
Tocher and principal components were efficient and converged in the identification of distinct
groups regarding the vegetative phase of pepper access.

Keywords: Capsicum; morphological characterization; diversity; germplasm.</subfield>
  </datafield>
  <datafield tag="520" ind1=" " ind2=" ">
    <subfield code="a">

RESUMO: 

Compara&#xE7;&#xE3;o de m&#xE9;todos de agrupamento no estuda da diversidade gen&#xE9;tica
em acessos de pimenta na fase vegetativa. O presente trabalho teve como objetivo avaliar a
diverg&#xEA;ncia gen&#xE9;tica na fase vegetativa em acessos de pimenta por meio de an&#xE1;lise multivariada
e testar a efici&#xEA;ncia de diferentes m&#xE9;todos. Foram avaliados 65 acessos pertencentes ao Banco
de Germoplasma de Capsicum spp da Universidade Federal de Uberl&#xE2;ndia-Brasil. Avaliou-se as
seguintes caracter&#xED;sticas qualitativas: presen&#xE7;a de antocianina nodal, formato da haste, presen&#xE7;a
de tricomas na planta, h&#xE1;bito de ramifica&#xE7;&#xE3;o, colora&#xE7;&#xE3;o das folhas, forma da folha, pubesc&#xEA;ncia
nas folhas, margem da folha, al&#xE9;m de caracter&#xED;sticas quantitativas como comprimento e largura
das folhas. Os caracteres qualitativos foram agrupados como vari&#xE1;veis multicateg&#xF3;ricas e a
matriz de dissimilaridade foi calculada pela dist&#xE2;ncia de Cole-Rodgers. Para os caracteres
quantitativos, a matriz de dissimilaridade foi mensurada pela dist&#xE2;ncia euclidiana m&#xE9;dia. As
matrizes foram somadas para a aplica&#xE7;&#xE3;o dos m&#xE9;todos de agrupamento. Foram realizadas
tr&#xEA;s t&#xE9;cnicas de agrupamento aos acessos: m&#xE9;todo de otimiza&#xE7;&#xE3;o de Tocher, UPGMA e an&#xE1;lise
de componentes principais. A m&#xE9;dia e moda dos grupos formados foram tamb&#xE9;m calculadas.
O coeficiente de correla&#xE7;&#xE3;o cofen&#xE9;tico foi determinado para valida&#xE7;&#xE3;o dos agrupamentos de
Tocher e UPGMA. Houve diverg&#xEA;ncia gen&#xE9;tica entre os acessos avaliados. Os m&#xE9;todos de
agrupamento UPGMA, Tocher e componentes principais foram eficientes e convergentes na
identifica&#xE7;&#xE3;o de grupos distintos na fase vegetativa de acessos de pimenta.

Palavras-chave: Capsicum; caracteriza&#xE7;&#xE3;o morfol&#xF3;gica; diversidade; germoplasma.</subfield>
  </datafield>
  <datafield tag="650" ind1=" " ind2=" ">
    <subfield code="a">CAPSICUM SP</subfield>
  </datafield>
  <datafield tag="650" ind1=" " ind2=" ">
    <subfield code="a">MORFOLOGIA VEGETAL</subfield>
  </datafield>
  <datafield tag="650" ind1=" " ind2=" ">
    <subfield code="a">BIODIVERSIDADE</subfield>
  </datafield>
  <datafield tag="650" ind1=" " ind2=" ">
    <subfield code="a">VARIA&#xC7;&#xC3;O GEN&#xC9;TICA</subfield>
  </datafield>
  <datafield tag="650" ind1=" " ind2=" ">
    <subfield code="a">GERMOPLASMA</subfield>
  </datafield>
  <datafield tag="773" ind1="0" ind2=" ">
    <subfield code="0">3543</subfield>
    <subfield code="9">317119</subfield>
    <subfield code="d">Botucatu-SP Instituto de Bioci&#xEA;ncias - Departamento de Qu&#xED;mica e Bioqu&#xED;mica 1998</subfield>
    <subfield code="o">2024-3719</subfield>
    <subfield code="t">Revista Brasileira de Plantas Medicinais (Brazil)</subfield>
    <subfield code="x">1516-0572</subfield>
    <subfield code="g">v. 19(2) p. 236-243; (2017)</subfield>
    <subfield code="w">BR2024002107</subfield>
  </datafield>
  <datafield tag="856" ind1=" " ind2=" ">
    <subfield code="u">https://www.sbpmed.org.br/admin/files/papers/file_3Dw4bXnIl9Tf.pdf</subfield>
  </datafield>
  <datafield tag="942" ind1=" " ind2=" ">
    <subfield code="c">Anal&#xED;tica</subfield>
  </datafield>
  <datafield tag="999" ind1=" " ind2=" ">
    <subfield code="c">300822</subfield>
    <subfield code="d">300822</subfield>
  </datafield>
</record>
